000 00550nam a2200145Ia 4500
008 140724s9999 xx 000 0 und d
050 _aRT 81.5
_b.Al473 2007
100 _aAlvarez, Chloe Rjay P.
245 _aPersonality type in relation to academic performance of 4th year student nurses of Southville International School and Colleges /
_cChloe Rjay P. Alvarez.
260 _aLas PiƱas, Philippines :
_bSouthville International School and Colleges,
_cc2007.
300 _a65 p. :
_c28 cm.
521 _aNursing
942 _cTH
999 _c229040
_d229040